000 01168nam0a22002531i 4500
001 rc\3688125
005 20240726023248.0
021 _aRU
_b[75-2628а]
035 _a(NLR Aleph) 007755227
090 _a7306454
_c7306454
100 _a20130115d1974 |||y0rusy50 ca
101 0 _arus
102 _aRU
105 _ay d |||||
200 1 _aПути интенсификации мясо-молочного скотоводства в БССР
_e(На примере юго-зап. районов Мин. обл.)
_eАвтореф. дис. на соиск. учен. степени канд. экон. наук
_e(08.00.06)
_fАН БССР. Ин-т экономики
210 _aМинск
_d1974
215 _a20 с.
320 _aСписок работ авт.: с. 20 (7 назв.)
532 1 2 _aПути интенсификации мясо-молочного скотоводства в Белорусской Советской Социалистической Республике
700 1 _aКаравай
_bВ.И.
_gВасилий Иосифович
801 0 _aRU
_bNLR
_gpsbo
801 1 _aRU
_bELAR
_2rusmarc
852 _aNLR
_j74-4/39516
942 _cBOOK